000 00410nam a2200181Ia 4500
001 1510
005 20260306143733.0
008 260306t2016||||xx |||||||||||||| ||spa||
041 _aESP
082 _a150.7
_bB76
100 _aBotella Ausina, Juan
_eAUT
245 0 _aAnálisis de datos en psicología I
260 _c2016
300 _a
_c
650 _aGEN
654 _aCPS
942 _cLIB
_dJUS
_fJUS
_2ddc
_n
999 _c1510
_d1510